000 01272cam a2200481 4500
001 ABS66507
008 030403n2003 000 0 eng u
035 _a(Sirsi) u121886
245 _aFocus 2003: MIPIM, France and Benelux
260 _c2003
490 _aEstates Gazette
_v(0309) 1 March 2003, 71-97(18)
590 _aABS
650 _aNETHERLANDS
650 _aFRANCE
650 _aBELGIUM
650 _aARCHITECTURE
650 _aEUROPE
650 _aAMSTERDAM
650 _aPARIS
650 _aBRUSSELS
650 _aBARCELONA
650 _aBERLIN
650 _aCOPENHAGEN
650 _aDUSSELDORF
650 _aFRANKFURT
650 _aHAMBURG
650 _aHELSINKI
650 _aLONDON
650 _aMADRID
650 _aMUNICH
650 _aOSLO
650 _aSTOCKHOLM
650 _aVACANCY RATES
650 _aPRIME RENTS
650 _aPROPERTY-COMMERCIAL PROPERTY-OFFICE PROPERTY-OFFICE PROPERTY MARKET
650 _aINDUSTRIAL MARKET
650 _aPROPERTY-COMMERCIAL PROPERTY-RETAIL PROPERTY-RETAIL PROPERTY MARKET
650 _aPROPERTY-COMMERCIAL PROPERTY
650 _aINVESTMENT
650 _aPLANNING PERMISSION
690 _aPROPERTY-COMMERCIAL PROPERTY-COMMERCIAL PROPERTY MARKET
942 _n0
999 _c72438
_d72438